00663 2200241 4500001002100000005001500021035002000036007000300056008004100059020002100100082001000121084001600131100002900147245007700176250001000253260003200263300003200295650003400327700000900361504002900370990001100399990001100410INLIS00000000000432920191028093636 a0010-1019000181ta191028 g 0 ind  a978-602-99124--0 a615.8 a615.8 SET m0 aSETIAWAN, Budhi Hartanto1 aMengobati Kanker dengan Manggis /cSetiawan Budhi Hartanto; editor, Icha acet.5 a[s.l] :bSecond Hope,c2018 a160 hlm. :bilus. ;c21 cm. 4aFARMAKOLOGI. OBAT TRADISIONAL0 aICHA aBibliografi: hlm.159-160 a7081 a a7081 b